000 00600nmm a2200181Ia 4500
008 251105s9999||||xx |||||||||||||||||und||
020 _a9789875916869
041 _aspa
100 _aGardenia Vidal
245 0 _aEspacio público en Argentina a fines de S. XIX, primera mitad S. XX : partidos, catolicismo, sociabilidad
264 _a[Buenos Aires, Argentina] :
_bEditorial Brujas,
_c2016
300 _a318 páginas
650 _aPolitical Science (General)
700 _aGardenia Vidal
700 1 _a Jessica Blanco
856 _uhttps://public.digitaliapublishing.com/a/41912
942 _cCF
999 _c65977
_d65977